000 00530nam a22001457a 4500
003 OSt
005 20150917111543.0
008 150917b xxu||||| |||| 00| 0 eng d
040 _cRUA
082 _aAGR CHH 2001 B023 Or.1
100 _9662
_aCHHIM,THUL.
245 _aRodent control in kampong chhang province វិធានការណ៏កំចាត់សត្វកណ្ដុរក្នុងលក្ខ័ខណ្ឌ័ខេត្តកំពង់ឆ្នាំង
300 _a56p.
_bill.
_c29cm.
942 _2ddc
_cAGR
999 _c639
_d639